[Event "0pen Est 2012/2013"]
[Site "Aubagne"]
[Date "2013.05.04"]
[Round "9.7"]
[White "Fournier, Alain"]
[Black "Velut, Pierre-Marie"]
[Result "1/2-1/2"]
[WhiteElo "1730"]
[BlackElo "1500"]
[PlyCount "66"]

1. d4 d5 2. Nf3 e6 3. Bf4 Nf6 4. e3 Bd7 5. Nbd2 Nc6 6. c3 Be7 7. Bd3 a6 8. Qe2
b5 9. Ne5 Na5 10. a4 bxa4 11. Nxd7 Qxd7 12. b4 Nb3 13. Nxb3 axb3 14. Rxa6 O-O
15. O-O Rxa6 16. Bxa6 Ne4 17. Qb2 Qc6 18. b5 Qc4 19. Rc1 Ra8 20. f3 Nd6 21.
Bxd6 Bxd6 22. Rf1 Qd3 23. Re1 Qc4 24. e4 c6 25. e5 cxb5 26. exd6 Rxa6 27. Ra1
Ra4 28. Rb1 Qc6 29. Qxb3 Qxd6 30. Qxb5 Ra8 31. Qb7 Rf8 32. Rb6 Qf4 33. Rc6 Qc1+
1/2-1/2

[Event "0pen Est 2012/2013"]
[Site "Aubagne"]
[Date "2013.05.04"]
[Round "9.9"]
[White "Leadbetter, Peter"]
[Black "Telouk, Olivier"]
[Result "1/2-1/2"]
[WhiteElo "1570"]
[BlackElo "1199"]
[PlyCount "128"]

1. d4 f5 2. c4 Nf6 3. Nc3 e6 4. Nf3 Be7 5. Bd2 b6 6. e3 Bb7 7. Be2 O-O 8. Qc2
Ne4 9. Nxe4 Bxe4 10. Bd3 Bb7 11. O-O-O d5 12. Rhg1 Bd6 13. cxd5 Bxd5 14. Bc4 c6
15. Kb1 Be4 16. Bd3 Bxf3 17. gxf3 Bxh2 18. Rg2 Bc7 19. Rdg1 g6 20. e4 Kh8 21.
exf5 exf5 22. Bc3 Qf6 23. Re1 Nd7 24. Bc4 Rae8 25. Rgg1 Rxe1+ 26. Rxe1 c5 27.
Re6 Qh4 28. dxc5+ Nf6 29. Bxf6+ Rxf6 30. Re8+ Kg7 31. Re7+ Kh6 32. Rxc7 bxc5
33. Qd2+ g5 34. Rxc5 Qh1+ 35. Kc2 Qxf3 36. Qe3 Qxe3 37. fxe3 g4 38. Be2 g3 39.
Bf3 f4 40. exf4 Rxf4 41. Rc3 Kg5 42. Kd1 h5 43. Bxh5 Rf1+ 44. Ke2 Rf2+ 45. Ke1
Rxb2 46. Rxg3+ Kxh5 47. Ra3 Rb7 48. Kd2 Kg5 49. Kd3 Kf6 50. Kc4 Ke7 51. Rh3 Kd6
52. a4 Kc6 53. Rh6+ Kc7 54. a5 Kd7 55. a6 Rc7+ 56. Kb5 Kc8 57. Rd6 Rh7 58. Kc6
Rc7+ 59. Kb5 Rh7 60. Re6 Rc7 61. Rh6 Kd7 62. Rh8 Ke6 63. Rd8 Ke7 64. Rd5 Ke8
1/2-1/2

[Event "0pen Est 2012/2013"]
[Site "Aubagne"]
[Date "2013.05.04"]
[Round "9.10"]
[White "Roche, Alain"]
[Black "Vicari-Vento, Salvatore"]
[Result "0-1"]
[WhiteElo "1436"]
[BlackElo "1566"]
[PlyCount "118"]

1. e4 c5 2. Nf3 a6 3. d4 cxd4 4. Nxd4 Nc6 5. c3 Nf6 6. Bd3 e5 7. Nf3 g6 8. O-O
Bg7 9. Na3 O-O 10. Nc4 d6 11. Bg5 h6 12. Be3 b5 13. Ncd2 Ng4 14. Qc2 Nxe3 15.
fxe3 Be6 16. a4 b4 17. Bc4 Bxc4 18. Nxc4 bxc3 19. Qxc3 Rc8 20. b3 Re8 21. Rad1
Re6 22. Rd5 Qc7 23. h3 Ne7 24. Rd2 f5 25. Qc2 fxe4 26. Qxe4 d5 27. Rxd5 Nxd5
28. Qxd5 Qc6 29. Qd2 Qe8 30. Qd5 Rd8 31. Qe4 g5 32. Qb7 e4 33. Ne1 Rd7 34. Qb4
Rf7 35. Nd2 Rxf1+ 36. Nxf1 Rf6 37. Ng3 Qf8 38. Qxe4 h5 39. Qd5+ Kh8 40. Nf3 Qd6
41. Qxd6 Rxd6 42. Nxg5 Rd3 43. Kf2 Bf6 44. N3e4 Bxg5 45. Nxg5 Rxb3 46. Ne4 Rb4
47. Nc5 a5 48. Kf3 Rc4 49. Nb3 Rxa4 50. g4 hxg4+ 51. hxg4 Ra3 52. Nc1 a4 53.
Ke2 Kg7 54. Kd2 Kf7 55. e4 Rg3 56. Kc2 Rxg4 57. Kb2 Rxe4 58. Ka3 Ke6 59. Nd3
Re3 0-1

[Event "0pen Est 2012/2013"]
[Site "Aubagne"]
[Date "2013.05.04"]
[Round "9.11"]
[White "Benezra, David"]
[Black "San-Nicolas, Robert"]
[Result "0-1"]
[WhiteElo "1448"]
[BlackElo "1510"]
[PlyCount "91"]

1. e4 e6 2. Nf3 d5 3. e5 c5 4. b4 cxb4 5. d4 Nc6 6. a3 a6 7. axb4 Bxb4+ 8. c3
Be7 9. Bd3 b5 10. Bxb5 Bb7 11. Bd3 a5 12. Ba3 Ba6 13. O-O Bxd3 14. Qxd3 Nh6 15.
Bxe7 Qxe7 16. Na3 O-O 17. Nb5 Nf5 18. Rfb1 Rfb8 19. Ne1 f6 20. exf6 gxf6 21.
Nf3 Rb7 22. Na3 Rxb1+ 23. Nxb1 Nd6 24. Nbd2 a4 25. Re1 Na5 26. Qe2 Re8 27. Nh4
f5 28. Nhf3 Nac4 29. Nxc4 Nxc4 30. Ne5 Nxe5 31. Qxe5 Qd7 32. Re3 Re7 33. Qb8+
Re8 34. Rg3+ Kf7 35. Qe5 Rg8 36. Rh3 Rg7 37. Qe2 Kg8 38. Re3 Rg6 39. Qa6 Kg7
40. Re1 e5 41. Qe2 e4 42. Ra1 f4 43. Kf1 Rf6 44. f3 Re6 45. Qf2 e3 46. Re1 0-1

[Event "0pen Est 2012/2013"]
[Site "Aubagne"]
[Date "2013.05.04"]
[Round "9.12"]
[White "Vialette, Eric"]
[Black "Batalov, Azat"]
[Result "1-0"]
[WhiteElo "1724"]
[BlackElo "1499"]
[PlyCount "49"]

1. e4 c5 2. d4 cxd4 3. c3 e5 4. Nf3 dxc3 5. Nxc3 Nc6 6. Bc4 h6 7. Qd5 Qe7 8.
Be3 Nb4 9. Qd2 Nc6 10. O-O Nf6 11. Rad1 g5 12. a3 Qd8 13. b4 Be7 14. Nd5 Nxe4
15. Qc2 f5 16. Nxe7 Qxe7 17. Ne1 g4 18. f3 gxf3 19. Rxf3 d6 20. Nd3 Rg8 21.
Bxg8 f4 22. Nxf4 Ng5 23. Rff1 Bg4 24. Nd5 Qd7 25. Nf6+ 1-0

[Event "0pen Est 2012/2013"]
[Site "Aubagne"]
[Date "2013.05.04"]
[Round "9.14"]
[White "Moerenhout, Jean Claude"]
[Black "Luc, Rene"]
[Result "0-1"]
[WhiteElo "1380"]
[BlackElo "1656"]
[PlyCount "132"]

1. d4 Nf6 2. Nf3 g6 3. e3 Bg7 4. Bd3 O-O 5. Nbd2 d5 6. O-O b6 7. Re1 Ba6 8.
Bxa6 Nxa6 9. c3 c5 10. e4 dxe4 11. Nxe4 cxd4 12. Nxd4 Nxe4 13. Rxe4 e5 14. Qe2
exd4 15. Qxa6 dxc3 16. Qe2 Rc8 17. Re3 c2 18. h3 Qd1+ 19. Kh2 Bxb2 20. Bxb2
Qxa1 21. Bxa1 c1=Q 22. Bf6 Rc2 23. Qf3 Qf1 24. Bh4 Qc4 25. Qf6 Qc7+ 26. Bg3 Qc6
27. Qg5 Rc5 28. Qe7 Rd5 29. Bf4 Rd7 30. Qe5 f6 31. Qb2 Kg7 32. Qb4 Qc5 33. Qe1
Rff7 34. Re4 Rfe7 35. Re3 Rxe3 36. Bxe3 Qe5+ 37. g3 Qd5 38. Qc1 Qxa2 39. Bh6+
Kf7 40. Kg2 Qd5+ 41. Kh2 Qc5 42. Qb2 Qd5 43. Qb4 Qd6 44. Qc4+ Qe6 45. Qc8 Qe8
46. Qc4+ Qe6 47. Qc8 g5 48. Qh8 Kg6 49. Bf8 Qf7 50. Bb4 a6 51. Qa8 a5 52. Qe4+
Kg7 53. Bc3 Qd5 54. Qa4 Kf7 55. Qc2 Qd3 56. Qb3+ Kg7 57. Qb2 Qd6 58. Qc1 h6 59.
Bb2 Qd2 60. Qxd2 Rxd2 61. Bc3 Rxf2+ 62. Kg1 Re2 63. Kf1 Re4 64. Bb2 a4 65. Ba3
b5 66. Bc5 b4 0-1

[Event "0pen Est 2012/2013"]
[Site "Aubagne"]
[Date "2013.05.04"]
[Round "9.15"]
[White "Frontera, Pierre"]
[Black "Alquier, Matthieu"]
[Result "1-0"]
[WhiteElo "1420"]
[BlackElo "1599"]
[PlyCount "74"]

1. e4 d6 2. Nf3 Nf6 3. Nc3 g6 4. d4 Bg7 5. Bc4 O-O 6. h3 Nbd7 7. O-O c5 8. Re1
cxd4 9. Nxd4 Qc7 10. Qe2 b6 11. Bd5 Nxd5 12. Nxd5 Qc5 13. Nb3 Qc6 14. Nxe7+ Kh8
15. Nxc6 Bb7 16. Qc4 Rac8 17. Nbd4 Ne5 18. Qb4 Nxc6 19. Nxc6 Rxc6 20. c3 Rc5
21. Bf4 Rd8 22. Rad1 d5 23. e5 Rc4 24. Qe7 Rb8 25. Qd6 Rbc8 26. g3 h5 27. Rd4
R4c6 28. Qxd5 R6c7 29. Qb3 Re7 30. Qd1 Rcc7 31. Re3 Rc5 32. Rd7 Rxd7 33. Qxd7
Bc6 34. Qxf7 Kh7 35. Qxa7 Rb5 36. b4 Rd5 37. Re1 Rd2 1-0

[Event "0pen Est 2012/2013"]
[Site "Aubagne"]
[Date "2013.05.04"]
[Round "9.16"]
[White "Cocordano, Claire"]
[Black "Mroz, Erwin"]
[Result "1-0"]
[WhiteElo "1536"]
[BlackElo "1420"]
[PlyCount "83"]

1. e4 c5 2. Nf3 d6 3. c3 Nf6 4. e5 dxe5 5. Nxe5 Nbd7 6. Nf3 e6 7. Be2 Bd6 8.
O-O O-O 9. d4 h6 10. dxc5 Bxc5 11. h3 Bb6 12. Nbd2 Bc7 13. b4 a6 14. Bb2 b5 15.
a4 Bb7 16. axb5 axb5 17. Bxb5 Rxa1 18. Qxa1 Nb6 19. Rd1 Qb8 20. c4 Bd8 21. Ne5
Be7 22. c5 Nbd5 23. Nd3 Bc8 24. Qa4 Nc7 25. Bc4 Nfd5 26. b5 e5 27. Bxe5 Qb7 28.
c6 Qb6 29. Bxd5 Nxd5 30. Nc4 Qd8 31. Qa5 Qe8 32. Nf4 Bb4 33. Qa1 f6 34. Nxd5
fxe5 35. Nxb4 e4 36. Nd6 Qe7 37. Nxc8 Rxc8 38. Nd5 Qc5 39. Qc3 Qxb5 40. Ne7+
Kh7 41. Nxc8 Qe2 42. Qd2 1-0

[Event "0pen Est 2012/2013"]
[Site "Aubagne"]
[Date "2013.05.04"]
[Round "9.17"]
[White "Cotton, Paul"]
[Black "Conti, Guillaume"]
[Result "1-0"]
[WhiteElo "1320"]
[BlackElo "1510"]
[PlyCount "81"]

1. Nf3 d5 2. g3 Nc6 3. c4 Bg4 4. Bg2 e6 5. b3 Bxf3 6. Bxf3 dxc4 7. bxc4 Qd4 8.
Nc3 Bc5 9. O-O Qxc4 10. Rb1 Bb4 11. Bb2 Nge7 12. a3 Ba5 13. d3 Qa6 14. Ba1 Bxc3
15. Bxc3 O-O 16. Rb3 b5 17. Qa1 f6 18. Rfb1 Rab8 19. Rc1 Qb6 20. Qa2 Nd5 21.
Bg2 Ne3 22. Rb2 Rbe8 23. Bxc6 Ng4 24. Be1 Re7 25. Rxb5 Qd4 26. Rc4 Qd6 27. Bb4
Qd8 28. Bxe7 Qxe7 29. Rxg4 f5 30. Rf4 Qd6 31. Rfxf5 Rxf5 32. Rxf5 Qxc6 33. Re5
Qc1+ 34. Kg2 Qc6+ 35. f3 Kf7 36. d4 Qd6 37. f4 h6 38. d5 c5 39. dxe6+ Ke7 40.
Qd5 Qxd5+ 41. Rxd5 1-0

[Event "0pen Est 2012/2013"]
[Site "Aubagne"]
[Date "2013.05.04"]
[Round "9.18"]
[White "Gamblin, Vincent"]
[Black "Lang, Michel"]
[Result "1/2-1/2"]
[WhiteElo "1510"]
[BlackElo "1440"]
[PlyCount "100"]

1. e4 e5 2. Nf3 Nc6 3. Bb5 Nd4 4. Bc4 Be7 5. Nxe5 Nh6 6. c3 Ne6 7. d4 d6 8.
Bb5+ c6 9. Nxc6 bxc6 10. Bxc6+ Bd7 11. Bxa8 Qxa8 12. d5 Nc5 13. O-O Nxe4 14. c4
Nc5 15. Qe2 Nf5 16. Nc3 O-O 17. g4 Nh4 18. Qxe7 Nf3+ 19. Kg2 Bxg4 20. Qxd6 Qc8
21. Qg3 Nd3 22. h3 Nde1+ 23. Rxe1 Nxe1+ 24. Kh2 Bh5 25. Bh6 Nf3+ 26. Kg2 Bg6
27. Qxf3 gxh6 28. b3 a6 29. Ne4 f5 30. Ng3 Qe8 31. Qe2 f4 32. Qxe8 Rxe8 33. Nf1
Be4+ 34. f3 Bf5 35. Kf2 Bxh3 36. Nd2 Bf5 37. c5 Re5 38. d6 Rxc5 39. Nc4 Rd5 40.
Rh1 Kg7 41. Rh4 Rd4 42. a4 Kg6 43. Rh1 Bc2 44. Ne5+ Kf5 45. Nf7 Rd2+ 46. Ke1
Rd1+ 47. Kf2 Rd2+ 48. Ke1 Rd1+ 49. Kf2 Rd2+ 50. Kg1 Rd1+ 1/2-1/2

[Event "0pen Est 2012/2013"]
[Site "Aubagne"]
[Date "2013.05.04"]
[Round "9.19"]
[White "Kallenberg, Hardi"]
[Black "Morata, Serge"]
[Result "1-0"]
[WhiteElo "1480"]
[BlackElo "1090"]
[PlyCount "105"]

1. e4 c5 2. Nf3 d6 3. d4 cxd4 4. Nxd4 Nf6 5. Nc3 e6 6. Be2 Be7 7. Be3 a6 8. Qd2
b5 9. O-O O-O 10. f3 e5 11. Nf5 Bxf5 12. exf5 Nbd7 13. b4 Rc8 14. Ne4 Nxe4 15.
fxe4 Nf6 16. Bd3 d5 17. exd5 Qxd5 18. Bg5 Ne4 19. Qe3 Nxg5 20. f6 Bxf6 21. h4
Qd4 22. Qxd4 exd4 23. hxg5 Bxg5 24. Rf5 Be3+ 25. Kf1 g6 26. Re5 Rfe8 27. Re4 f5
28. Rxe8+ Rxe8 29. a4 Re5 30. axb5 axb5 31. Ke2 f4 32. Ra5 Bc1+ 33. Kf3 g5 34.
Bxb5 Bd2 35. Bc4+ Kg7 36. Rxe5 Bxb4 37. Re6 h6 38. Kg4 Kh7 39. Kh5 Bf8 40. Bd3+
Kh8 41. Re8 Kg8 42. Rd8 g4 43. Kxg4 Kf7 44. Rxf8+ Kxf8 45. Kxf4 Kg7 46. Ke5 h5
47. Kxd4 Kf6 48. g3 Kg5 49. Be2 h4 50. gxh4+ Kxh4 51. Ke5 Kg5 52. c4 Kg6 53.
Ke6 1-0

[Event "0pen Est 2012/2013"]
[Site "Aubagne"]
[Date "2013.05.04"]
[Round "9.20"]
[White "Plancq, Jacques"]
[Black "Evanno, Georges"]
[Result "0-1"]
[WhiteElo "1340"]
[BlackElo "1320"]
[PlyCount "25"]

1. e4 e5 2. Nf3 d6 3. Bc4 h6 4. d4 Nd7 5. Nc3 Ngf6 6. dxe5 Nxe5 7. Nxe5 Be6 8.
Bxe6 fxe6 9. Nc4 Be7 10. Be3 O-O 11. Qd2 Ng4 12. O-O-O Nxe3 13. Qxe3 0-1

[Event "0pen Est 2012/2013"]
[Site "Aubagne"]
[Date "2013.05.04"]
[Round "9.21"]
[White "Gomez, Jean-Luc"]
[Black "Garbe, Georges"]
[Result "1-0"]
[WhiteElo "1690"]
[BlackElo "1300"]
[PlyCount "81"]

1. d4 d5 2. Bf4 Bf5 3. Nf3 Nf6 4. e3 e6 5. a3 a6 6. c4 Bd6 7. Bxd6 Qxd6 8. Nc3
O-O 9. Be2 h6 10. O-O Nc6 11. Rb1 Ne4 12. cxd5 exd5 13. Rc1 Rae8 14. Qb3 Rd8
15. Nxe4 dxe4 16. Nd2 Na5 17. Qc3 Nc6 18. Bxa6 bxa6 19. Qxc6 Qxc6 20. Rxc6 Rd6
21. Rxc7 Rc8 22. Rxc8+ Bxc8 23. Nxe4 Rg6 24. Rc1 Bh3 25. Ng3 Be6 26. Rc6 a5 27.
Ra6 Rg5 28. Ne4 Bc4 29. Ra8+ Kh7 30. Nxg5+ hxg5 31. Rxa5 f6 32. b4 Kg6 33. b5
Bd5 34. b6 Bb7 35. Ra7 Be4 36. f3 Bf5 37. e4 Bc8 38. b7 Be6 39. d5 Bf7 40. b8=Q
f5 41. Qd6+ 1-0

[Event "0pen Est 2012/2013"]
[Site "Aubagne"]
[Date "2013.05.04"]
[Round "9.22"]
[White "Pegon, Claude"]
[Black "Brongers, Claudine"]
[Result "0-1"]
[WhiteElo "1190"]
[BlackElo "1320"]
[PlyCount "36"]

1. c4 e5 2. Nc3 Nf6 3. g3 d5 4. d3 Bc5 5. Bg2 Ng4 6. e3 d4 7. Ne4 Be7 8. Nf3
Nc6 9. a3 O-O 10. O-O f5 11. Ned2 dxe3 12. Nb1 Nxf2 13. Qe2 Bc5 14. Nc3 f4 15.
b4 Bd4 16. Nxd4 Qxd4 17. Qc2 f3 18. Bh1 Nh3# 0-1

[Event "0pen Est 2012/2013"]
[Site "Aubagne"]
[Date "2013.05.04"]
[Round "9.23"]
[White "Autouard, Jean Luc"]
[Black "Turpin, Isabelle"]
[Result "1-0"]
[WhiteElo "1499"]
[BlackElo "1070"]
[PlyCount "99"]

1. e4 c5 2. Bc4 Nc6 3. Nf3 e6 4. O-O Nf6 5. e5 Ng4 6. d4 cxd4 7. Nxd4 Qh4 8. h3
Ngxe5 9. Nf3 Nxf3+ 10. Qxf3 Bd6 11. Bb3 b6 12. Nc3 Bb7 13. Qd3 Bc7 14. Re1 Qe7
15. Nb5 O-O-O 16. Be3 d5 17. Ba4 Bb8 18. Qc3 f6 19. Nd4 Qd6 20. Nxe6 Qh2+ 21.
Kf1 d4 22. Bxd4 Qh1+ 23. Ke2 Qxg2 24. Nxd8 Rxd8 25. Rg1 Qe4+ 26. Kf1 Rd7 27.
Re1 Qd5 28. Re8+ Rd8 29. Rxd8+ Kxd8 30. Rxg7 Nxd4 31. Rd7+ Qxd7 32. Bxd7 Kxd7
33. Qxd4+ Ke7 34. Qh4 Bd5 35. Qxh7+ Ke6 36. Qg8+ Ke5 37. Qxb8+ Kd4 38. Qxa7 Kc5
39. Qe7+ Kd4 40. Qxf6+ Kc5 41. Qc3+ Kd6 42. h4 Bxa2 43. Qa3+ Kc6 44. Qxa2 Kd6
45. h5 Ke7 46. h6 Kf8 47. h7 Kg7 48. Qa7+ Kh8 49. Qf7 b5 50. Qg8# 1-0

[Event "0pen Est 2012/2013"]
[Site "Aubagne"]
[Date "2013.05.04"]
[Round "9.25"]
[White "Veith, Irene"]
[Black "Masson, Wally"]
[Result "0-1"]
[WhiteElo "1420"]
[BlackElo "1270"]
[PlyCount "128"]

1. e4 e5 2. a3 Nf6 3. Nc3 Bc5 4. Nf3 Nc6 5. Bc4 O-O 6. d3 d6 7. Bg5 h6 8. Bh4
Be6 9. Na4 a6 10. Nxc5 dxc5 11. O-O b5 12. Ba2 Bxa2 13. Rxa2 Qd6 14. c3 Rad8
15. Ne1 Nxe4 16. Bxd8 Rxd8 17. Qe2 Nf6 18. a4 b4 19. Ra1 Na5 20. Rd1 c4 21. d4
bxc3 22. bxc3 Nb3 23. dxe5 Qxd1 24. Qxd1 Rxd1 25. exf6 gxf6 26. Nc2 Rd3 27. h3
Rxc3 28. Ne3 Nc5 29. a5 Kg7 30. Nd5 Ra3 31. Rc1 Ra4 32. Nxc7 Nb3 33. Rc3 Nxa5
34. Ne8+ Kg6 35. Rg3+ Kf5 36. Nd6+ Ke6 37. Ne8 Ra1+ 38. Kh2 Rc1 39. Re3+ Kd5
40. Nxf6+ Kd4 41. Ra3 Nb3 42. Rxa6 Ra1 43. Rd6+ Ke5 44. Rc6 Rc1 45. Ng4+ Kd5
46. Rxh6 c3 47. Rh5+ Kd4 48. Ne3 Kd3 49. Rd5+ Ke2 50. Kg3 Nd2 51. Re5 Nf1+ 52.
Nxf1+ Kxf1 53. h4 c2 54. Rc5 Ke2 55. Re5+ Kd3 56. Re3+ Kd2 57. Kf3 Re1 58. Ra3
c1=Q 59. Ra2+ Kd1 60. h5 Qc3+ 61. Kg4 Qc4+ 62. Kg5 Re5+ 63. Kh6 Qxa2 64. Kg7
Qxf2 0-1

[Event "0pen Est 2012/2013"]
[Site "Aubagne"]
[Date "2013.05.04"]
[Round "9.26"]
[White "Periale, Albert"]
[Black "Conti, Beatrice"]
[Result "1-0"]
[WhiteElo "1400"]
[BlackElo "1130"]
[PlyCount "71"]

1. d4 g6 2. Nf3 Bg7 3. e4 d6 4. Bc4 e6 5. O-O Ne7 6. Bg5 O-O 7. c3 h6 8. Bh4
Nbc6 9. b4 a6 10. a4 d5 11. exd5 exd5 12. Bb3 Bg4 13. Nbd2 Qd6 14. Re1 Rfe8 15.
a5 Nf5 16. Bg3 Nxg3 17. fxg3 Re6 18. Rxe6 Qxe6 19. Nf1 Re8 20. Qe1 Nd8 21. Bxd5
Qd7 22. Ne3 Kf8 23. Qf2 c6 24. Bb3 Qe7 25. Nxg4 Qd7 26. Ne3 h5 27. Re1 Bh6 28.
Ne5 Qe7 29. Nxg6+ Kg8 30. Nxe7+ Rxe7 31. Nf5 Rxe1+ 32. Qxe1 Bg5 33. Qe8+ Kh7
34. Bxf7 Nxf7 35. Qxf7+ Kh8 36. Qg7# 1-0

[Event "0pen Est 2012/2013"]
[Site "Aubagne"]
[Date "2013.05.04"]
[Round "9.27"]
[White "Lognos, Lina"]
[Black "Jacquemard, Jean"]
[Result "0-1"]
[WhiteElo "1187"]
[BlackElo "1310"]
[PlyCount "68"]

1. c4 e5 2. Nc3 Nf6 3. d3 Bc5 4. Nf3 Nc6 5. g3 h6 6. Bg2 O-O 7. O-O Re8 8. a3
d6 9. h3 a6 10. Rb1 Rb8 11. b4 Bd4 12. Nxd4 Nxd4 13. a4 Be6 14. b5 d5 15. bxa6
bxa6 16. Rxb8 Qxb8 17. cxd5 Bd7 18. Be3 c5 19. dxc6 Bxc6 20. Bxc6 Nxc6 21. Qb1
Qc8 22. f4 Qxh3 23. Rf3 Ng4 24. Rf2 Qxg3+ 25. Kh1 Nxf2+ 26. Bxf2 Qxf2 27. Qc1
Qh4+ 28. Kg1 Nd4 29. Qe3 Qe1+ 30. Kg2 Qxc3 31. fxe5 Qc6+ 32. Kg1 Qg6+ 33. Kf1
Qf5+ 34. Ke1 Nc2+ 0-1

[Event "0pen Est 2012/2013"]
[Site "Aubagne"]
[Date "2013.05.04"]
[Round "9.28"]
[White "Strate, Francois"]
[Black "Roux, Jean-Marie"]
[Result "1-0"]
[WhiteElo "1383"]
[BlackElo "1316"]
[PlyCount "22"]

1. d4 d5 2. Nf3 Nf6 3. e3 e6 4. Bd3 Be7 5. b3 O-O 6. O-O Nc6 7. Bb2 Bd7 8. c4
dxc4 9. Bxc4 Ne4 10. Nbd2 Nxd2 11. Qxd2 Bg5  1-0

[Event "0pen Est 2012/2013"]
[Site "Aubagne"]
[Date "2013.05.04"]
[Round "9.29"]
[White "Akli, Robert"]
[Black "Pietrac, Christian"]
[Result "0-1"]
[WhiteElo "1510"]
[BlackElo "1499"]
[PlyCount "86"]

1. d4 d5 2. Bf4 Nf6 3. h3 g6 4. e3 Bg7 5. c3 O-O 6. Nd2 Nbd7 7. Bd3 c5 8. Rc1
c4 9. Bb1 Nh5 10. Bh2 e5 11. g4 Nhf6 12. dxe5 Ne8 13. Ngf3 Qe7 14. Nf1 Nxe5 15.
Nxe5 Bxe5 16. f4 Bg7 17. Qxd5 Be6 18. Qe4 Rd8 19. Nd2 Qh4+ 20. Ke2 Nf6 21. Qg2
Bd5 22. e4 Rfe8 23. Bg3 Qh6 24. Kf2 Bc6 25. Ke3 Nd5+ 26. Kf3 Nf6 27. Rce1 Nd5
28. Re2 f5 29. Kf2 Nxf4 30. g5 Qxg5 31. Bxf4 Qxf4+ 32. Qf3 Qh4+ 33. Kg2 Rf8 34.
Kg1 Qg5+ 35. Rg2 Qe7 36. Qe2 f4 37. Qxc4+ Kh8 38. Qe2 Be5 39. Nf3 Qc5+ 40. Kh2
Bb5 41. Qe1 Bd3 42. Qh4 Bxb1 43. Ng5 f3+ 0-1

[Event "0pen Est 2012/2013"]
[Site "Aubagne"]
[Date "2013.05.04"]
[Round "9.30"]
[White "Pala, Gerard"]
[Black "Catanese, Sauveur"]
[Result "1-0"]
[WhiteElo "1380"]
[BlackElo "1170"]
[PlyCount "93"]

1. c4 d6 2. g3 Nf6 3. Nc3 g6 4. d4 Bg7 5. Bg2 O-O 6. e4 Nbd7 7. Nf3 h6 8. O-O
Re8 9. Re1 b6 10. b3 Bb7 11. Bb2 Rb8 12. Nb5 Ra8 13. Qc2 c6 14. Nc3 e5 15. d5
c5 16. Nb5 Qb8 17. Rab1 a6 18. Nc3 Bc8 19. Bc1 b5 20. Bd2 b4 21. Ne2 a5 22. Nh4
Nb6 23. f4 Bg4 24. f5 Qc8 25. fxg6 Bh5 26. gxf7+ Bxf7 27. Rf1 Re7 28. Nf5 Rd7
29. Nxg7 Kxg7 30. Bh3 Qh8 31. Bxd7 Nbxd7 32. Rf2 Bg6 33. Rxf6 Nxf6 34. Rf1 Bxe4
35. Qc1 Bd3 36. Re1 Rf8 37. Qd1 Qh7 38. h3 Ne4 39. Bxh6+ Kxh6 40. Qxd3 Rg8 41.
Qe3+ Kg7 42. g4 Kf8 43. Ng3 Nxg3 44. Qxg3 Ke8 45. h4 Qh6 46. Qh3 Qh7 47. Rf1
1-0

[Event "0pen Est 2012/2013"]
[Site "Aubagne"]
[Date "2013.05.04"]
[Round "9.31"]
[White "Bessard, Serge"]
[Black "Periale, Francine"]
[Result "1-0"]
[WhiteElo "1420"]
[BlackElo "1100"]
[PlyCount "64"]

1. d4 d5 2. c4 e6 3. Nc3 g6 4. Nf3 Bg7 5. Bg5 Nf6 6. e3 Nc6 7. cxd5 exd5 8. Bb5
O-O 9. Ne5 Qd6 10. Nxc6 bxc6 11. Bd3 Re8 12. Bf4 Qd7 13. O-O Rb8 14. Na4 Rb7
15. h3 Nh5 16. Nc5 Qe7 17. Nxb7 Nxf4 18. exf4 Bxb7 19. f5 gxf5 20. Bxf5 Qg5 21.
Bc2 Bc8 22. Qd3 f5 23. Rae1 Rxe1 24. Rxe1 Kf8 25. Qa3+ Kf7 26. Qxa7 Qd2 27.
Qxc7+ Kg6 28. Qxc6+ Bf6 29. Kf1 Qf4 30. Qe8+ Kg5 31. Qxc8 Qh2 32. Qxf5+ Kh6 1-0

[Event "0pen Est 2012/2013"]
[Site "Aubagne"]
[Date "2013.05.04"]
[Round "9.32"]
[White "Gousseau, Michel"]
[Black "Bauden, Thomas"]
[Result "0-1"]
[WhiteElo "1150"]
[BlackElo "1190"]
[PlyCount "74"]

1. d4 d5 2. Nf3 e6 3. e3 Bd6 4. b3 f5 5. Bb2 Nf6 6. Bd3 O-O 7. O-O Nc6 8. a3
Bd7 9. Nbd2 a6 10. c4 dxc4 11. Nxc4 Qe7 12. Nxd6 cxd6 13. Re1 Nd8 14. Rc1 Nf7
15. Nh4 Ne4 16. Rc7 Qxh4 17. g3 Qd8 18. Rxb7 Rb8 19. Bxa6 Rxb7 20. Bxb7 d5 21.
Ba6 Qb6 22. Bd3 Ba4 23. Bc2 Rb8 24. b4 Bxc2 25. Qxc2 Nfd6 26. Ba1 Ra8 27. Qd3
Nc4 28. f3 Ng5 29. Kg2 Rxa3 30. Bc3 Ra2+ 31. Re2 Rxe2+ 32. Qxe2 Qd6 33. f4 Ne4
34. g4 Nxc3 35. Qd3 Qxb4 36. gxf5 exf5 37. Qxf5 Nxe3+ 0-1

[Event "0pen Est 2012/2013"]
[Site "Aubagne"]
[Date "2013.05.04"]
[Round "9.33"]
[White "Graccione, Angele"]
[Black "Gianfranceschi, Gerard"]
[Result "0-1"]
[WhiteElo "1499"]
[BlackElo "1010"]
[PlyCount "68"]

1. e4 e5 2. Nf3 Nf6 3. Nc3 Nc6 4. d4 Bd6 5. d5 Nd4 6. Nb5 Nxb5 7. Bxb5 Nxe4 8.
Qe2 c6 9. Bc4 cxd5 10. Bxd5 Nf6 11. Bc4 b6 12. Bg5 h6 13. Be3 a6 14. O-O-O Ne4
15. Bd5 Rb8 16. Bxe4 O-O 17. Rxd6 Qc7 18. Rd2 d6 19. Qd3 Rd8 20. h4 g6 21. h5
Be6 22. Kb1 d5 23. Bxg6 e4 24. Qe2 fxg6 25. Nd4 Bf7 26. Bxh6 Kh7 27. Qe3 Rd6
28. Qf4 gxh5 29. Nf5 Rbd8 30. g4 d4 31. gxh5 Qc4 32. c3 Qxa2+ 33. Kc2 Bc4 34.
Kd1 Bb3+ 0-1